[Event "RUS-ch Men Rapid 2019"]
[Site "Sochi"]
[Date "2019.10.16"]
[Round "11.21"]
[White "Khegay, Dmitriy"]
[Black "Utnasunov, Alexander"]
[Result "1-0"]
[WhiteElo "2509"]
[BlackElo "2442"]
[Annotator "TA"]
[PlyCount "87"]
[EventDate "2019.10.15"]
[EventType "swiss"]
[EventCountry "RUS"]
[SourceTitle "playchess.com"]
[Source "ChessBase"]
[SourceQuality "1"]

{[%evp 9,86,6,15,10,15,0,0,0,10,-5,0,0,9,0,32,14,0,0,0,0,0,0,2,0,20,0,23,0,0,0,0,0,6,0,0,-4,0,0,0,0,0,-13,-13,-20,-16,-15,0,-16,0,0,10,-18,0,0,0,-2,0,-8,-15,-72,-19,-66,-55,-54,-60,-81,-82,-189,639,662,753,753,746,738,2118,1874,29997,29998,29999]} 1. d4 d5 2. Nf3 Nf6 3. c3 c6 4. Bf4 Bf5 5. Qb3 Qb6 6. e3 {D02: 1 d4 d5 2 Nf3 sidelines, including 2...Nf6 3 g3 and 2...Nf6 3 Bf4} e6 (6... h6 7. h3 Nbd7 8. Nbd2 e6 9. Be2 Be7 10. O-O Ne4 11. Nxe4 Bxe4 12. Nd2 Bh7 {1-0 (36) Sedlak,N (2608)-Tadic,B (2478) Valjevo 2018}) 7. h3 Nbd7 8. Nbd2 {The position is equal.} Ne4 9. Be2 Bd6 $146 ({Predecessor:} 9... Be7 10. Nxe4 Bxe4 11. O-O h6 12. Nd2 Bf5 13. f3 g5 14. Bg3 O-O {1-0 (59) Postic,D (2251)-Milajic,V (2121) Belgrade 2018}) 10. Bxd6 Nxd6 11. Qa3 c5 12. Ne5 {[#] aiming for Nxd7.} cxd4 13. Nxd7 Kxd7 14. exd4 Rhd8 15. O-O Ke8 16. Qb3 Kf8 17. Rfe1 Kg8 18. Nf1 Qc7 19. Ne3 Bg6 20. a4 a5 21. Rac1 Ne4 22. Bf3 Nd2 23. Qd1 Nxf3+ 24. Qxf3 Qd7 25. Ra1 b5 26. Ng4 bxa4 27. Ne5 Qb5 28. h4 Ra7 29. c4 Qb7 ({Much weaker is} 29... Qxb2 $6 30. Nc6 $16) 30. Rxa4 Be4 ({But not} 30... Qxb2 $2 31. Nc6 $18) 31. Qe2 f6 $36 {[%mdl 2048] White is under pressure.} 32. Ng4 Qb3 33. Ra3 Qb4 34. f3 (34. Rc1 $11) 34... Bf5 (34... Bg6 $17) 35. Ne3 dxc4 36. Nxf5 exf5 37. Qe6+ Kf8 38. Rae3 (38. Rc3 $17) 38... Rad7 $4 {[%mdl 8192]} (38... Qxb2 $19 39. Rd1 Qb5) 39. Qxf5 $18 Qxb2 40. Qxh7 ({Less strong is} 40. Qc5+ Kg8 $14) 40... Qxd4 41. Kh1 {Re8+! would kill now.} Qd5 42. h5 Qg5 {[#]} 43. Re8+ $1 {[%mdl 512]} Kf7 (43... Rxe8 44. Qh8+) 44. Qg8# {Accuracy: White = 40%, Black = 46%.} 1-0

[Event "RUS-ch Men Rapid 2019"]
[Site "Sochi"]
[Date "2019.10.16"]
[Round "11.22"]
[White "Potapov, Pavel"]
[Black "Shubin, Kirill"]
[Result "1-0"]
[WhiteElo "2489"]
[BlackElo "2416"]
[Annotator "ChessBase"]
[PlyCount "107"]
[EventDate "2019.10.15"]
[EventType "swiss"]
[EventCountry "RUS"]
[SourceTitle "playchess.com"]
[Source "ChessBase"]
[SourceQuality "1"]
[TimeControl "900+10"]

1. e4 {[%emt 0:00:00]} e6 {[%emt 0:00:00]} 2. d4 {[%emt 0:00:02]} d5 {[%emt 0:00:01]} 3. Nc3 {[%emt 0:00:02]} Bb4 {[%emt 0:00:01]} 4. e5 {[%emt 0:00:04]} c5 {[%emt 0:00:01]} 5. a3 {[%emt 0:00:01]} Bxc3+ {[%emt 0:00:02]} 6. bxc3 {[%emt 0:00:02]} Qa5 {[%emt 0:00:01]} 7. Bd2 {[%emt 0:00:13]} Qa4 {[%emt 0:00:01]} 8. Qg4 {[%emt 0:00:03]} Kf8 {[%emt 0:00:02]} 9. Qd1 {[%emt 0:00:31]} b6 {[%emt 0:00:02]} 10. Nf3 {[%emt 0:00:16]} Ba6 {[%emt 0:00:19]} 11. h4 {[%emt 0:01:20]} Bxf1 {[%emt 0:00:07]} 12. Kxf1 {[%emt 0:00:03]} Nc6 {[%emt 0:00:52]} 13. h5 {[%emt 0:00:09]} h6 {[%emt 0:00:20]} 14. Rh4 {[%emt 0:00:32]} Nge7 {[%emt 0:00:19]} 15. Kg1 {[%emt 0:00:38]} cxd4 {[%emt 0:02:26]} 16. cxd4 {[%emt 0:00:04]} Rc8 {[%emt 0:00:24]} 17. Bb4 {[%emt 0:01:15]} Kg8 {[%emt 0:00:37]} 18. Rf4 {[%emt 0:00:05]} a5 {[%emt 0:01:24]} 19. Bd6 {[%emt 0:00:05]} Nf5 {[%emt 0:00:08]} 20. Rb1 {[%emt 0:01:55]} Nxd6 {[%emt 0:01:35]} 21. exd6 {[%emt 0:00:01]} Qxa3 {[%emt 0:00:01]} 22. d7 {[%emt 0:01:54]} Rb8 {[%emt 0:00:05]} 23. Ne5 {[%emt 0:02:25]} Nxe5 {[%emt 0:00:10]} 24. dxe5 {[%emt 0:00:02]} Qe7 {[%emt 0:00:02]} 25. c4 {[%emt 0:00:03]} Qxd7 {[%emt 0:00:02]} 26. Rd4 {[%emt 0:00:05]} Rd8 {[%emt 0:03:10]} 27. cxd5 {[%emt 0:00:06]} exd5 {[%emt 0:00:02]} 28. Rxb6 {[%emt 0:00:04]} Qf5 {[%emt 0:01:43]} 29. Rd6 {[%emt 0:00:54]} Rb8 {[%emt 0:00:06]} 30. g4 {[%emt 0:01:27]} Qb1 {[%emt 0:00:23]} 31. R6xd5 {[%emt 0:00:41]} Qxd1+ {[%emt 0:00:02]} 32. Rxd1 {[%emt 0:00:01]} Ra8 {[%emt 0:01:26]} 33. Ra1 {[%emt 0:00:21]} a4 {[%emt 0:00:10]} 34. Rd4 {[%emt 0:00:09]} Ra5 {[%emt 0:01:53]} 35. Re4 {[%emt 0:00:33]} a3 {[%emt 0:00:31]} 36. Re3 {[%emt 0:00:02]} Ra4 {[%emt 0:00:04]} 37. f3 {[%emt 0:00:04]} Kh7 {[%emt 0:00:18]} 38. Raxa3 {[%emt 0:00:57]} Rxa3 {[%emt 0:00:15]} 39. Rxa3 {[%emt 0:00:01]} Re8 {[%emt 0:00:17]} 40. Ra5 {[%emt 0:00:14]} f6 {[%emt 0:00:57]} 41. f4 {[%emt 0:00:17]} Kg8 {[%emt 0:00:20]} 42. Kf2 {[%emt 0:00:08]} Kf7 {[%emt 0:00:34]} 43. Kf3 {[%emt 0:00:01]} fxe5 {[%emt 0:00:08]} 44. fxe5 {[%emt 0:00:02]} Rb8 {[%emt 0:00:01]} 45. Kf4 {[%emt 0:00:15]} Rb1 {[%emt 0:00:34]} 46. Ra7+ {[%emt 0:00:04]} Ke6 {[%emt 0:00:01]} 47. Rxg7 {[%emt 0:00:55]} Rf1+ {[%emt 0:00:01]} 48. Ke4 {[%emt 0:00:06]} Re1+ {[%emt 0:00:05]} 49. Kf3 {[%emt 0:00:29]} Rf1+ {[%emt 0:00:05]} 50. Kg2 {[%emt 0:00:37]} Rf4 {[%emt 0:00:01]} 51. Kg3 {[%emt 0:00:07]} Kxe5 {[%emt 0:00:02]} 52. Re7+ {[%emt 0:00:02]} Kd6 {[%emt 0:00:01]} 53. Kxf4 {[%emt 0:00:03]} Kxe7 {[%emt 0:00:01]} 54. Ke4 1-0

[Event "RUS-ch Men Rapid 2019"]
[Site "Sochi"]
[Date "2019.10.16"]
[Round "11.23"]
[White "Smagin, Sergey"]
[Black "Gaydym, Arseniy"]
[Result "1-0"]
[WhiteElo "2551"]
[BlackElo "2139"]
[Annotator "ChessBase"]
[PlyCount "28"]
[EventDate "2019.10.15"]
[EventType "swiss"]
[EventCountry "RUS"]
[SourceTitle "playchess.com"]
[Source "ChessBase"]
[SourceQuality "1"]
[TimeControl "900+10"]

1. e4 {[%emt 0:00:00]} c5 {[%emt 0:00:00]} 2. c3 {[%emt 0:00:00]} d5 {[%emt 0:00:04]} 3. exd5 {[%emt 0:00:00]} Qxd5 {[%emt 0:00:02]} 4. d4 {[%emt 0:00:00]} e6 {[%emt 0:00:06]} 5. Nf3 {[%emt 0:00:00]} Nf6 {[%emt 0:00:04]} 6. Na3 {[%emt 0:00:23]} Qd8 {[%emt 0:00:27]} 7. Bf4 {[%emt 0:00:02]} cxd4 {[%emt 0:00:59]} 8. Nxd4 {[%emt 0:01:26]} Bxa3 {[%emt 0:00:14]} 9. Qa4+ {[%emt 0:00:03]} Nbd7 {[%emt 0:03:13]} 10. Qxa3 {[%emt 0:00:02]} Nd5 {[%emt 0:01:38]} 11. Bg3 {[%emt 0:00:43]} Ne7 {[%emt 0:00:51]} 12. Nb5 {[%emt 0:01:00]} Nb6 {[%emt 0:03:14]} 13. Nc7+ {[%emt 0:00:40]} Kf8 {[%emt 0:00:00]} 14. Nxa8 {[%emt 0:00:40]} Nxa8 {[%emt 0:00:02]} 1-0

[Event "RUS-ch Men Rapid 2019"]
[Site "Sochi"]
[Date "2019.10.16"]
[Round "11.24"]
[White "Airapetian, Gor"]
[Black "Gurvich, Vitaly"]
[Result "1/2-1/2"]
[WhiteElo "2436"]
[BlackElo "2278"]
[Annotator "TA"]
[PlyCount "133"]
[EventDate "2019.10.15"]
[EventType "swiss"]
[EventCountry "RUS"]
[SourceTitle "playchess.com"]
[Source "ChessBase"]
[SourceQuality "1"]

{[%evp 21,133,24,12,0,0,0,24,16,17,0,54,62,82,64,65,65,62,89,90,83,165,82,83,70,80,87,95,91,74,64,105,100,179,172,219,220,220,243,233,-36,-36,-60,-60,-60,-60,-60,-60,-78,-78,-78,-78,-78,-78,-78,-78,-78,-78,-78,-78,-78,-78,-78,-13,-43,-43,-113,-44,-113,-113,-113,-81,-81,-74,-74,-74,-74,-74,-81,-81,-81,0,-124,0,-81,-81,-81,-45,-45,-45,-124,-63,-63,-70,-71,-71,-82,-45,-45,-45,-45,-45,-45,-8,-8,-8,-8,-8,-8,-8,-8,-8,-8,-8,-8]} 1. d4 Nf6 2. c4 g6 3. Nc3 d5 4. cxd5 Nxd5 5. e4 Nxc3 6. bxc3 Bg7 7. Be3 c5 8. Qd2 O-O 9. Rc1 Qa5 10. Nf3 Rd8 11. d5 e6 12. Be2 {D85: Exchange Grünfeld: Unusual White 7th moves and lines with 7 Nf3} exd5 13. exd5 Bg4 14. O-O {White has an edge.} Nd7 {[#]} 15. Rfd1 $146 ({Predecessor:} 15. c4 Qxd2 16. Bxd2 Nf6 17. h3 Bf5 18. Be3 Rac8 19. Rfe1 Rd6 {½-½ (53) Ponomariov,R (2722)-McShane,L (2643) Biel 2004}) 15... c4 ({Black should play} 15... Bxf3 $11 16. gxf3 (16. Bxf3 Ne5 $11) 16... Be5) 16. Bg5 $14 Re8 17. Bxc4 Rac8 18. Bb3 $1 Bxc3 19. Qf4 Bf5 20. h3 {And now g4 would win.} h5 (20... Nc5 $16) 21. Nd4 (21. Nh4 $18 {has better winning chances.} Be5 22. Qa4 Qxa4 23. Bxa4 Rxc1 24. Bxc1 (24. Rxc1 Bb2 $16)) 21... Bxd4 $16 22. Qxd4 Rxc1 23. Rxc1 {aiming for Bh6.} Re1+ 24. Kh2 {Rc8+ would kill now.} Rxc1 25. Bxc1 {Black must now prevent g4.} Qc5 26. Qf4 $1 Bc2 (26... a5 $16) 27. Be3 $18 Qc8 28. Bd4 $1 {Threatens to win with Qh6.} ({Not} 28. Bxa7 Bxb3 29. axb3 b6 $11) 28... Bxb3 29. Qh6 $1 {[%csl Gd4][%cal Rh6h8]} ({Don't take} 29. axb3 $6 Qb8 $16) 29... Qc7+ {[#]} 30. g3 $2 (30. Kh1 $1 $18 {[%csl Gd4][%cal Rh6h8][%mdl 512]} f6 31. Qxg6+ {[%mdl 64] Double Attack} (31. axb3 g5 $16) 31... Kf8 32. Qh6+ Ke7 33. axb3) 30... Ne5 $15 31. Qf4 {[#]} Ng4+ $1 {[%mdl 512]} 32. hxg4 Qxf4 33. gxf4 Bxd5 {[%mdl 4096] Endgame KB-KB} 34. a3 b6 35. Kg3 hxg4 36. Kxg4 f5+ 37. Kg5 Kf7 38. Be5 Be4 39. Bb8 {[#]} a6 $1 40. Bc7 b5 41. Ba5 Ke6 (41... Bf3 $17) 42. f3 Bc2 43. Bb4 {[#]} (43. Kxg6 $15 Bd1 44. Kg5) 43... Kd5 ({Better is} 43... Kf7 $1 $17 44. Kh4 Bd1) 44. Kf6 (44. Kxg6 $15 Ke6 45. Kh5) 44... Kc4 $17 45. Ke5 Kb3 46. Kd4 Ka4 47. Kc3 Bd1 48. Be7 Bxf3 49. Kb2 Be4 50. Kc3 Ka5 51. Bd8+ $1 Ka4 52. Be7 Bd5 53. Kb2 a5 54. Kc3 Be4 55. Kb2 (55. Bd6 $15) 55... Bd3 (55... b4 $17 56. axb4 axb4) 56. Kc3 $15 Bb1 57. Kb2 Be4 58. Kc3 g5 59. fxg5 f4 60. Kd2 Kb3 61. Ke2 b4 62. axb4 {The position is equal.} axb4 {[#]} 63. g6 $1 {[%mdl 512]} Kc4 (63... Bxg6 $5 64. Kf3 $8 Bh5+ 65. Kxf4 Bg6 $11) 64. g7 Bd5 {[#]} 65. Bxb4 $1 {[%mdl 512]} Kxb4 {[#]} 66. g8=Q $1 {[%mdl 512]} Bxg8 67. Kf3 {Accuracy: White = 63%, Black = 46%.} 1/2-1/2

[Event "RUS-ch Men Rapid 2019"]
[Site "Sochi"]
[Date "2019.10.16"]
[Round "11.26"]
[White "Gogolev, Artem"]
[Black "Popov, Valerij"]
[Result "1/2-1/2"]
[WhiteElo "2328"]
[BlackElo "2535"]
[Annotator "ChessBase"]
[PlyCount "57"]
[EventDate "2019.10.15"]
[EventType "swiss"]
[EventCountry "RUS"]
[SourceTitle "playchess.com"]
[Source "ChessBase"]
[SourceQuality "1"]
[TimeControl "900+10"]

1. d4 {[%emt 0:01:00]} Nf6 {[%emt 0:00:00]} 2. c4 {[%emt 0:00:02]} e6 {[%emt 0:00:00]} 3. g3 {[%emt 0:00:02]} d5 {[%emt 0:00:00]} 4. Bg2 {[%emt 0:00:02]} dxc4 {[%emt 0:00:00]} 5. Qa4+ {[%emt 0:00:10]} Nbd7 {[%emt 0:00:06]} 6. Qxc4 {[%emt 0:00:03]} c5 {[%emt 0:00:16]} 7. Nf3 {[%emt 0:00:13]} a6 {[%emt 0:00:04]} 8. Qc2 {[%emt 0:00:15]} Ra7 {[%emt 0:02:08]} 9. Bg5 {[%emt 0:01:12]} b5 {[%emt 0:02:44]} 10. O-O {[%emt 0:00:56]} Bb7 {[%emt 0:00:14]} 11. dxc5 {[%emt 0:00:29]} Bxc5 {[%emt 0:00:06]} 12. Bxf6 {[%emt 0:00:10]} gxf6 {[%emt 0:01:00]} 13. Rd1 {[%emt 0:00:59]} Qb6 {[%emt 0:00:11]} 14. e3 {[%emt 0:00:07]} Ba8 {[%emt 0:01:37]} 15. a4 {[%emt 0:01:31]} O-O {[%emt 0:00:04]} 16. axb5 {[%emt 0:01:07]} Qxb5 {[%emt 0:00:15]} 17. Nc3 {[%emt 0:00:19]} Qb8 {[%emt 0:00:21]} 18. Ra4 {[%emt 0:01:02]} Rc8 {[%emt 0:00:47]} 19. Rda1 {[%emt 0:01:40]} Bb4 {[%emt 0:03:43]} 20. Rxa6 {[%emt 0:00:40]} Rxa6 {[%emt 0:00:01]} 21. Rxa6 {[%emt 0:00:01]} Bb7 {[%emt 0:00:07]} 22. Ra1 {[%emt 0:00:28]} Nc5 {[%emt 0:00:25]} 23. Qe2 {[%emt 0:00:43]} Nb3 {[%emt 0:00:19]} 24. Rd1 {[%emt 0:00:41]} Bxc3 {[%emt 0:00:43]} 25. bxc3 {[%emt 0:00:20]} Rxc3 {[%emt 0:00:01]} 26. Nd4 {[%emt 0:00:20]} Bxg2 {[%emt 0:01:21]} 27. Kxg2 {[%emt 0:00:05]} Nxd4 {[%emt 0:01:03]} 28. Rxd4 {[%emt 0:00:09]} Qa8+ {[%emt 0:00:25]} 29. Qf3 {[%emt 0:00:09]} 1/2-1/2

[Event "RUS-ch Men Rapid 2019"]
[Site "Sochi"]
[Date "2019.10.16"]
[Round "11.27"]
[White "Yeritsyan, Aram"]
[Black "Yuffa, Daniil"]
[Result "0-1"]
[WhiteElo "2271"]
[BlackElo "2577"]
[Annotator "ChessBase"]
[PlyCount "72"]
[EventDate "2019.10.15"]
[EventType "swiss"]
[EventCountry "RUS"]
[SourceTitle "playchess.com"]
[Source "ChessBase"]
[SourceQuality "1"]
[TimeControl "900+10"]

1. e4 c5 2. Nf3 d6 3. d4 cxd4 4. Nxd4 Nf6 5. f3 e5 6. Nb3 Be7 7. c4 a5 8. Be3 O-O 9. Nc3 a4 10. Nc1 a3 11. b3 Nc6 12. Qd2 Qa5 13. Nd5 Nxd5 14. Qxa5 Rxa5 15. cxd5 Nd4 16. Kd2 f5 17. Bd3 fxe4 18. fxe4 Bg4 19. Rf1 Rxf1 20. Bxf1 Rc5 21. Bd3 Bd8 22. b4 Rc8 23. Nb3 Bb6 24. Na5 Rb8 25. Nc4 Bc7 26. Nxa3 Ra8 27. Nc2 Bb6 28. Nxd4 exd4 29. Bf4 Rf8 30. Bg3 Bd8 31. Be2 Bd7 32. a4 Bf6 33. Kd3 Rc8 34. Be1 Ra8 35. a5 Bb5+ 36. Kd2 Bxe2 0-1

[Event "RUS-ch Men Rapid 2019"]
[Site "Sochi"]
[Date "2019.10.16"]
[Round "11.28"]
[White "Dudin, Gleb"]
[Black "Goryachkina, Aleksandra"]
[Result "1/2-1/2"]
[WhiteElo "2323"]
[BlackElo "2575"]
[Annotator "TA"]
[PlyCount "160"]
[EventDate "2019.10.15"]
[EventType "swiss"]
[EventCountry "RUS"]
[SourceTitle "playchess.com"]
[Source "ChessBase"]
[SourceQuality "1"]

{[%evp 9,160,0,12,0,8,-3,11,13,6,10,14,2,5,17,33,47,61,22,46,14,72,36,39,38,58,32,153,152,138,129,147,131,202,185,192,170,218,204,192,218,210,210,182,181,185,188,281,276,280,280,359,319,307,0,0,0,0,-42,-27,-23,-31,-145,-138,-128,-77,-213,-213,-283,-271,-422,-409,-431,-337,-273,0,0,0,0,0,0,0,0,0,0,37,0,0,0,0,0,0,0,0,0,6,0,0,0,0,0,0,0,0,0,0,0,0,0,15,0,16,0,17,0,0,0,31,0,0,-33,0,-27,-32,-32,-2,-2,-2,-10,-10,-10,0,0,0,-10,0,0,0,-10,-10,-10,-10,-12,-10,-11,-18,-18,-9,-18,-18,-24,-10,-10,-11]} 1. d4 Nf6 2. c4 e6 3. Nc3 Bb4 4. e3 O-O 5. Nge2 c6 (5... d5 6. a3 Bd6 7. c5 Be7 8. Ng3 c6 9. Bd2 b6 10. b4 Nbd7 11. Be2 a5 12. O-O Ba6 13. Qc2 Qc7 14. h3 Ra7 15. Rab1 axb4 16. axb4 {½-½ (57) Yu,Y (2736)-Grischuk,A (2766) Riga 2019}) 6. a3 {E46: Nimzo-Indian: Rubinstein: 4 e3 0-0 5 Ne2 without early Bd3} Ba5 7. c5 d5 8. cxd6 Qxd6 9. b4 Bc7 10. g3 a5 11. b5 e5 $146 ({Predecessor:} 11... cxb5 12. Bg2 Qa6 13. Rb1 {0-1 (65) Dizdar,G (2496)-Volokitin,A (2623) Austria 2018}) 12. Bg2 Bg4 13. Qc2 Qd7 14. h3 Be6 (14... Bf5 $11 15. Qd2 Rd8) 15. a4 Re8 16. Ba3 Nd5 17. Nxd5 cxd5 ({Black should try} 17... Bxd5 $14 18. e4 Be6) 18. dxe5 $16 Bxe5 19. Rd1 b6 20. Qd3 Rd8 (20... Ra7 $16) 21. g4 Ra7 22. O-O {And now f4 would win.} Qe8 23. e4 {[%cal Re4d5]} Rad7 {Strongly threatening ...dxe4.} 24. exd5 Bxd5 25. Bxd5 Rxd5 26. Qxd5 Rxd5 27. Rxd5 h6 (27... h5 $142) 28. Rfd1 $18 Kh7 29. Bc1 Bc7 30. Be3 Qe4 31. Rf5 $2 (31. R1d4 $18 Qb1+ 32. Kg2) 31... Qxa4 $11 32. Rc1 Bd6 33. Bxb6 Nd7 34. Bd4 Qb3 35. Kg2 ({Better is} 35. Nc3 $1 $15) 35... a4 {[%cal Ba5a4,Ba4a3][%mdl 1056] Black has strong compensation.} 36. Rc3 Qa2 ({Black should play} 36... Qe6 37. Kf1 a3) 37. Nc1 (37. Rc6 $17 Qxe2 38. Rxd6) 37... Qe6 $19 38. Re3 Qc4 $1 {[%csl LRc1,LRd4][%mdl 64] [#] Double Attack} 39. Ne2 (39. Rd3 {was called for.} Qxc1 {[#]} 40. Bxg7 $1 {[%mdl 512]} Kxg7 41. Rxd6) 39... a3 40. b6 a2 41. Ra5 Nxb6 $2 (41... Nf8 $19 {Threatens to win with ...Ng6.} 42. f3 Ng6) 42. Bxb6 $11 Qc6+ {[%mdl 64] Double Attack} 43. Rf3 {Hoping for Be3.} Qxb6 44. Rxa2 Qb7 45. Rd2 Be5 46. Ng3 Bxg3 (46... g6 {is more complex.} 47. Re2 Qd5 48. Ne4 Kg7 49. Ree3 Qc4) 47. Kxg3 {[%mdl 4096] Endgame KQ-KRR} Qc7+ 48. Kg2 Qc6 49. Rdd3 f6 50. Rd4 Qb7 51. Rdf4 Qd5 52. h4 Qc6 53. Rf5 Qe4 54. Kg3 Qe1 55. Kg2 Qe4 56. Kh3 Qe1 57. Kg2 Qe4 58. R5f4 Qc6 59. Kh2 Qd6 {aiming for ...g5.} 60. Kg2 Qc6 61. Rf5 Qe4 62. Kg3 Qe1 63. g5 Qg1+ 64. Kf4 Qc1+ 65. Ke4 Qc4+ ({Don't do} 65... hxg5 66. hxg5 Qc4+ 67. Ke3 $17) 66. Ke3 hxg5 67. hxg5 fxg5 68. Kd2 Kg6 {White must now prevent ...Qd4+.} 69. Rf8 $1 Qd4+ 70. Ke2 Qc4+ 71. Kd2 Qb4+ 72. Ke2 Qb5+ 73. Ke1 g4 74. R3f4 Kg5 {...Qe5+ is the strong threat.} 75. R4f7 g6 76. Kd2 Qd5+ 77. Ke2 Qe4+ 78. Kd2 Qd4+ 79. Ke2 Qc3 80. Kf1 Qd3+ {Accuracy: White = 53%, Black = 52%.} 1/2-1/2

[Event "RUS-ch Men Rapid 2019"]
[Site "Sochi"]
[Date "2019.10.16"]
[Round "11.29"]
[White "Nazaretyan, Tigran"]
[Black "Kurbedinov, Ramis"]
[Result "1-0"]
[WhiteElo "2297"]
[BlackElo "2280"]
[Annotator "TA"]
[PlyCount "105"]
[EventDate "2019.10.15"]
[EventType "swiss"]
[EventCountry "RUS"]
[SourceTitle "playchess.com"]
[Source "ChessBase"]
[SourceQuality "1"]

{[%evp 9,105,40,47,38,35,27,39,10,1,18,19,0,14,4,4,-10,43,0,0,0,0,0,0,0,35,27,39,45,45,41,45,17,69,103,104,101,89,90,63,46,195,197,194,188,183,199,186,191,162,97,100,93,230,229,303,298,311,304,711,706,783,782,729,677,705,667,665,624,574,549,1718,1500,2602,2528,1779,2093,1675,1705,1543,448,345,0,1349,254,244,229,185,0,1089,957,5531,4463,6532,5351,4302,3495,4134,1983]} 1. d4 Nf6 2. c4 a6 3. Nc3 c5 4. d5 b5 5. Qc2 b4 (5... d6 6. e4 b4 7. Nd1 g6 8. f4 Bg7 9. Nf2 a5 10. Qa4+ Nfd7 11. Nf3 e6 12. Be2 O-O 13. O-O exd5 14. exd5 {1-0 (64) Gurevich,M (2643)-Bosboom,M (2476) Hoogeveen 1999}) 6. Na4 {A56: Czech Benoni} d6 7. e4 e5 $146 ({Predecessor:} 7... Nbd7 8. a3 bxa3 9. Rxa3 g6 10. f4 Bg7 11. Nf3 O-O 12. Bd3 Nb6 13. Nc3 {1-0 (50) Boensch,U (2530)-Luther,T (2200) Glauchau 1987}) 8. f4 {White is slightly better.} exf4 9. Bxf4 Be7 10. Nf3 Bg4 11. e5 Nh5 12. Be3 {Strongly threatening exd6.} Nd7 (12... O-O $11) 13. exd6 (13. e6 $5 fxe6 14. dxe6 Bxe6 15. Bd3 $11) 13... Bxd6 14. Qe4+ Qe7 15. Qxe7+ $1 Kxe7 16. Nd2 Nhf6 17. Bd3 Rhe8 18. O-O Kf8 19. Rae1 Bh5 20. Nb3 {[%cal Re3c5]} Ng4 (20... Rac8 $11) 21. Bf4 $14 ({Of course not} 21. Bxc5 Nxc5 22. Rxe8+ (22. Naxc5 Bxh2+ 23. Kh1 Rxe1 $15) 22... Rxe8 $11) 21... Bxf4 22. Rxe8+ Rxe8 23. Rxf4 g5 24. Re4 Rxe4 (24... Rc8 $14) 25. Bxe4 $18 Ne3 26. Naxc5 Nxc5 27. Nxc5 Nxc4 {[%mdl 4096] Endgame KBN-KBN} 28. b3 ({Resist} 28. Nxa6 $6 Nxb2 29. Bxh7 (29. Nxb4 h6 $16) 29... Ke7 $16) (28. Bxh7 $6 a5 $16) 28... Nd6 29. Bxh7 a5 30. Bd3 Ke7 (30... f6 $16 {was worth a try.}) 31. Kf2 Kf6 32. Nd7+ Ke7 33. Ne5 Nb7 $2 (33... Kf6) 34. g4 Bg6 35. Nxg6+ fxg6 36. Bxg6 {KB-KN} Kd6 37. Be4 Ke5 38. Ke3 Nc5 39. Bf3 a4 40. bxa4 Nxa4 41. Bd1 Nc5 42. Bb3 Ne4 43. h3 Nc5 {[#]} 44. Kf3 (44. d6 $142 $1 Kxd6 45. Kd4) 44... Ne4 45. Ke3 $2 (45. Kg2) 45... Nc5 $1 {[#]} 46. Kd2 $2 (46. d6 $1 Kxd6 47. Kd4) 46... Kd4 47. Ke2 Ne4 48. Kf3 $2 (48. Ke1 $18) 48... Nd2+ $2 {[%mdl 8192]} (48... Ke5 $11) 49. Kg2 {And now d6 would win.White is clearly winning.} Ne4 {[#]} 50. h4 $1 gxh4 51. Kh3 Ke5 52. Kxh4 Kf4 53. Bc2 {Accuracy: White = 57%, Black = 44%.} (53. Kh5 $142 Nf6+ 54. Kg6 Nxg4 55. d6 Ne5+ 56. Kf6) 1-0

[Event "RUS-ch Men Rapid 2019"]
[Site "Sochi"]
[Date "2019.10.16"]
[Round "11.30"]
[White "Papenin, Nikolai"]
[Black "Korchmar, Vasiliy"]
[Result "1-0"]
[WhiteElo "2295"]
[BlackElo "2434"]
[Annotator "TA"]
[PlyCount "123"]
[EventDate "2019.10.15"]
[EventType "swiss"]
[EventCountry "RUS"]
[SourceTitle "playchess.com"]
[Source "ChessBase"]
[SourceQuality "1"]

{[%evp 19,123,-17,0,-31,-43,-38,20,22,18,19,31,6,29,18,18,18,25,18,52,0,44,43,57,5,15,4,4,4,91,79,93,88,121,102,119,101,124,88,111,103,104,103,140,126,239,244,417,415,404,349,290,249,249,249,249,251,308,308,296,241,241,241,327,248,249,248,289,289,356,249,249,249,249,249,249,249,249,249,249,241,241,241,241,241,332,241,364,262,591,352,1618,1611,1506,1484,5583,5574,5458,5423,4909,1840,29982,29983,29983,29984,29986,29987]} 1. d4 Nf6 2. c4 e6 3. Nc3 Bb4 4. g3 O-O 5. Bg2 d5 6. Nf3 dxc4 7. O-O Nc6 8. Bg5 h6 9. Bxf6 Qxf6 10. e3 Rb8 11. Nd2 {E20: Nimzo-Indian: 4 g3 and 4 f3} (11. Ne4 $5 {[%cal Re4f6]} Qd8 12. b3 $15) 11... Na5 12. Qc2 b5 (12... Qd8 $15) 13. a3 $1 $11 {[%cal Ra3b4] The position is equal.} Bd6 14. a4 b4 {[#]} 15. Nce4 $146 ({Predecessor:} 15. Nxc4 Nxc4 16. Ne4 Qf5 17. Qxc4 Bb7 18. Nxd6 cxd6 19. Bxb7 Rxb7 {½-½ (32) Sadorra,J (2560)-Vocaturo,D (2583) Baku 2016}) 15... Qg6 16. Nxc4 b3 $1 {[%cal Rb3c2]} 17. Qc1 Nxc4 18. Qxc4 Bb7 19. Nc5 (19. Qd3 $14) 19... Bxg2 (19... Bxc5 $5 20. Qxc5 Qc2 $11) 20. Kxg2 Rfd8 21. Rfc1 (21. Rac1 $14) 21... e5 22. Na6 Qe4+ 23. Kg1 {And now dxe5 would win.} Rbc8 (23... Rb7 $11 {keeps the balance.}) 24. d5 $36 {[%mdl 2048] White is really pushing.} Qf3 25. Qxb3 e4 26. Qd1 Be5 27. Rc2 Qf6 28. Nc5 c6 29. Nxe4 Qf5 30. Nc3 cxd5 31. Rac1 d4 {[#]} (31... Qe6 $16 32. Nb5 Rxc2 33. Rxc2 (33. Qxc2 Qe7 $16) 33... Qb6) 32. Nd5 $1 $18 {[%mdl 576] Deflection} Rxd5 $2 (32... Kf8) 33. Rxc8+ Kh7 34. exd4 Rxd4 35. Qc2 Qxc2 36. R1xc2 Rxa4 {[%mdl 4096] Endgame KRR-KRB} 37. R8c5 Bf6 38. Rb5 Ra2 39. Kf1 a5 40. Rb3 Be7 41. Rc7 Bf6 42. Rcb7 Ra1+ 43. Kg2 Rb1 44. Ra7 Rxb2 45. Rxb2 Bxb2 46. Rxa5 {KR-KB} g6 47. Kf3 Bd4 48. Rd5 Bb6 49. Rd2 Kg7 50. Ke4 h5 51. Kd5 Kf6 52. Kd6 g5 (52... Kg7 {was worth a try.} 53. Rb2 Bd4) 53. f3 Bg1 $2 (53... h4 {is tougher.} 54. Kd7 Ba7 55. gxh4 gxh4) 54. h3 Kf5 $2 (54... g4 55. fxg4 hxg4) 55. Rd5+ Kf6 56. g4 hxg4 57. hxg4 Bh2+ 58. Kd7 Be5 59. Ke8 {Threatening mate with Rxe5.} Ke6 {[#]} 60. Rxe5+ $1 {[%mdl 576] Deflection. White mates.} Kxe5 61. Kxf7 Kf4 62. Kf6 {Accuracy: White = 73%, Black = 35%.} 1-0